-
KAR, DR. RAJAT KUMAR & BHARDWAJ, HEMANT AND KUMAR DR. SACHIN
Entry Personal Name
Number of records used in: 1
001 - CONTROL NUMBER
003 - CONTROL NUMBER IDENTIFIER
005 - DATE AND TIME OF LATEST TRANSACTION
- control field:
20240920103125.0
008 - FIXED-LENGTH DATA ELEMENTS
- fixed length control field:
240920|| aca||aabn | a|a d
040 ## - CATALOGING SOURCE
- Original cataloging agency:
JRU
- Transcribing agency:
JRU
100 ## - HEADING--PERSONAL NAME
- Personal name:
KAR, DR. RAJAT KUMAR & BHARDWAJ, HEMANT AND KUMAR DR. SACHIN
670 ## - SOURCE DATA FOUND
- Source citation:
Work cat.: (JRU)8694: KAR, DR. RAJAT KUMAR & BHARDWAJ, HEMANT AND KUMAR DR. SACHIN , PHARMACEUTICS [D.PHARMA, 1ST YEAR ]